| 000 | 01044nam a2200277Ia 4500 | ||
|---|---|---|---|
| 003 | OSt | ||
| 005 | 20221005111551.0 | ||
| 006 | a|||||r|||| 00| 0 | ||
| 007 | ta | ||
| 008 | 221004b |||||||| |||| 00| 0 hin d | ||
| 020 |
_a812600309X (hbk) _cIndian Rupees 260 |
||
| 024 | _a41084 | ||
| 037 |
_bGift, 09/01/2019, _cTextual |
||
| 040 |
_aCRL _cCRL _bhin |
||
| 041 |
_2hin _ahin |
||
| 082 | _aO152:gN, N8 | ||
| 100 | _aश्रीवास्तव, परमानन्द, संपा. | ||
| 245 | 0 | _aसमकालीन हिन्दी आलोचना | |
| 246 | _aSamakālīn hindī ālochanā | ||
| 260 |
_aनई दिल्ली _bसाहित्य अकादेमी भारत _c1998 |
||
| 300 |
_a491पृ0 _ccm. |
||
| 650 | _a हिन्दी आलोचना | ||
| 650 | _aहिन्दी साहित्य | ||
| 942 |
_hO152:gN, N8 _cTEXL _2cc |
||
| 999 |
_c1022190 _d1022190 |
||